000 00620nam a2200229Ia 4500
001 1081
003 GE_BSU
008 181216s||||||||xx |||||||||||||| ||und||
020 _a5222038084
040 _cGE_BSU
080 _a94(470)(075.8)
100 _aТерещенко,Ю.Я.
245 _aИстория России XX-начала XXI века.
245 _bФилологическое общество "Слово
260 _aРостов на Дону
260 _bФеникс
260 _c2004
300 _a448стр.
541 _h13л.
653 _aИстория России
942 _cBK
999 _c35235
_d35235